Visualizzazione normale
Vista MARC
- Appolis, Émile,
di Personal Name
Records bibliografici associati: 1
001 - CONTROL NUMBER
- control field: 51651
003 - CONTROL NUMBER IDENTIFIER
- control field: IT-RoINE
005 - DATE AND TIME OF LATEST TRANSACTION
- control field: 20180716070333.0
008 - FIXED-LENGTH DATA ELEMENTS
- fixed length control field: 180716|| aca||aabn | a|a d
040 ## - CATALOGING SOURCE
- Original cataloging agency: IT-RoINE
- Transcribing agency: IT-RoINE
100 ## - HEADING--PERSONAL NAME
- Personal name: Appolis, Émile,
- Dates associated with a name: 1903-1980
670 ## - SOURCE DATA FOUND
- Source citation: Work cat.: (IT-RoINE)0: Appolis, Émile, 1903-1980 , Le "tiers parti" catholique au XVIIIe siècle :, 1960.